Atacamas I : El renacimiento /
¿Quiénes eran los atacamas antes de la conquista española? ¿Cuáles eran sus particularidades y sus hábitos culturales? ¿Qué cambió en 2001, con la creación del Consejo de Pueblos Atacamas? Observamos el papel de la educación y de la música en el renacimiento de este pueblo.
Guardado en:
| Autor Principal: | |
|---|---|
| Autor Corporativo: | |
| Formato: | |
| Publicado: |
Argentina,
2008
|
| Series: | Pueblos Originarios II
|
| Materias: | |
| Etiquetas: |
Agregar Etiqueta
Sin Etiquetas, Sea el primero en etiquetar este registro!
|
| LEADER | 01112ngm a22003015g 4500 | ||
|---|---|---|---|
| 001 | CEM.cems023997 | ||
| 008 | 130507s2008##################0###0#####d | ||
| 005 | 20250805134753.0 | ||
| 245 | 1 | 0 | |a Atacamas I : |b El renacimiento / |c Julián Rousso. |
| 260 | |a Argentina, |c 2008 | ||
| 300 | |a 28'. | ||
| 490 | 0 | |a Pueblos Originarios II | |
| 500 | |a Consultar en ventanilla. | ||
| 520 | |a ¿Quiénes eran los atacamas antes de la conquista española? ¿Cuáles eran sus particularidades y sus hábitos culturales? ¿Qué cambió en 2001, con la creación del Consejo de Pueblos Atacamas? Observamos el papel de la educación y de la música en el renacimiento de este pueblo. | ||
| 538 | |a Soporte: DVD - Grabación DRD | ||
| 100 | 1 | |a Rousso, Julián | |
| 710 | 2 | |a Canal Encuentro. | |
| 082 | 3 | 0 | |/ ROU-2 |
| 653 | |a SOCIEDAD | ||
| 653 | |a PUEBLOS ORIGINARIOS | ||
| 653 | |a ABORIGENES | ||
| 653 | |a INDIGENAS | ||
| 653 | |a INDIGENISMO | ||
| 653 | |a ETNIAS | ||
| 653 | |a ATACAMAS | ||
| 653 | |a INCAS | ||
| 653 | |a SERIE DE TELEVISIÓN | ||
| 859 | |a CEMS |b BIB. CEMS - Depto. Recursos Didacticos |h 301 |i ROU-2 |k DRD |p 2640.16 |t Ej.1 | ||
